000 00419nam a2200181Ia 4500
001 11207
005 20260306161929.0
008 260306t1988||||xx |||||||||||||| ||spa||
041 _aESP
082 _a985.019
_bF62
100 _aFlores Galindo, Alberto
_eAUT
245 0 _aBuscando un inca
260 _c1988
300 _a436 páginas :
_c20 cm.
650 _aGEN
654 _aCHU
942 _cLIB
_dJUS
_fJUS
_2ddc
_n
999 _c11207
_d11207